| 000 | 00927cab a2200253 4500 | ||
|---|---|---|---|
| 001 | X93063 | ||
| 008 | 090401t1998 xxu||||| |||| 00| 0 eng d | ||
| 035 | _a(Sirsi) u87612 | ||
| 041 | _aeng | ||
| 245 | _aR v Bromsgrove DC ex p Dennis Cyril Norton and William John Kings | ||
| 260 | _c1998 | ||
| 350 | _a0 | ||
| 490 |
_aJournal of Planning and Environment Law _v[1998] JPL 664-669(6) |
||
| 520 | _aQBD 15 December 1997. Appropriation of land - applicaton of s122 of the Local Government Act 1972 - separate consideration of need and appropriation - judicial review - Council erred in its approach - a single process of consideration was required - application allowed. | ||
| 650 | _aAPPROPRIATION | ||
| 650 | _aLAND | ||
| 650 | _aLOCAL GOVERNMENT ACT 1972 S122 | ||
| 650 | _aNEED | ||
| 650 | _aOPEN SPACE | ||
| 650 | _aUSE | ||
| 690 | _aPLANNING LAW AND PRACTICE-CASE LAW | ||
| 942 | _n0 | ||
| 948 | _c23/07/1998 | ||
| 999 |
_c55270 _d55270 |
||